Воспитание взрослых: Наука на всю жизнь

Xehetasun bibliografikoak
Egile nagusia: Остер Г. Б. Григорий Бенционович
Hizkuntza:errusiera
Argitaratua: Москва, Астрель, 2001
Gaiak:
Formatua: MixedMaterials Liburua
KOHA link:https://koha.lib.tpu.ru/cgi-bin/koha/opac-detail.pl?biblionumber=30963

MARC

LEADER 00000nam0a2200000 4500
001 30963
005 20231030204221.0
010 |a 5170073844 
010 |a 5-271-01738-9 
035 |a (RuTPU)RU\TPU\book\31239 
035 |a BOOK00000026 
090 |a 30963 
100 |a 20011209d2001 m y0rusy50 ca 
101 0 |a rus 
102 |a RU 
105 |a a z 000ay 
200 1 |a Воспитание взрослых  |e Наука на всю жизнь  |f Г. Б. Остер 
210 |a Москва  |c Астрель  |c АСТ  |d 2001 
215 |a 120 с.  |c ил. 
610 1 |a детская литература 
675 |a Р2  |v 3 
700 1 |a Остер  |b Г. Б.  |g Григорий Бенционович 
801 0 |a RU  |b 63413507  |c 20011209  |g PSBO 
801 2 |a RU  |b 63413507  |c 20050901  |g PSBO 
942 |c BK